Word Ladder: Are You Ready For Some Football? Quiz Stats

 Plays Quiz Updated Sep 4, 2014

Support Sporcle.
Go Orange.
Score 0/28 Timer 03:00
0 Plays Today
Clue 4-letter word % Correct
Twelve inches🏈 FOOT 🏈
98.4%
Group of wolvesPACK
94.1%
To strike something with one's foot🏈 KICK 🏈
93.3%
To select somethingPICK
93.2%
Object that is often kicked, thrown, or hit in a game🏈 BALL 🏈
91.5%
Harbor where ships load & unloadPORT
89.6%
Something worn to cover the faceMASK
88.8%
White liquid, it does a body goodMILK
88.7%
Army postFORT
88.5%
What bad kids might get for ChristmasCOAL
87.8%
Something that one strives to achieve🏈 GOAL 🏈
87.2%
Tight curl or bend in something, such as hoseKINK
86.9%
Vessel for moving across waterBOAT
86.8%
Character role in a movie or playPART
86.6%
Clue 4-letter word % Correct
Small animal prized for its furMINK
86.5%
Bobby Darin song, '____ the Knife'MACK
86.2%
To skip a turn or a bid in a game🏈 PASS 🏈
85.7%
Small animal related to sheepGOAT
85.7%
Point at which a liquid bubbles and turns to vaporBOIL
85.7%
Group of people competing in a sport🏈 TEAM 🏈
84.9%
Ray of light, such as from a flashlightBEAM
83.6%
Length of something wound up in a spiralCOIL
83.1%
To overcome or defeat somethingBEAT
82.6%
Celebration of the Eucharist MASS
82.1%
What one hopes to get on the golf coursePARS
81.6%
Type of beetle - ____ weevilBOLL
81.2%
Illegal motion made by a baseball pitcherBALK
79.7%
To defraud or cheat someoneBILK
75.9%

Today's Daily Dose

You're not logged in!

Compare scores with friends on all Sporcle quizzes.
OR
Log In

From the Vault

100 Tiny Movie Scenes III

by MrChewypoo

If you wear glasses, this quiz might be easier if you take them off. If you don't have glasses, you might need them.
Remove Ads.
Support Sporcle.
Get the best of Sporcle when you Go Orange. This ad-free experience offers more features, more stats, and more fun while also helping to support Sporcle. Thank you for becoming a member.

Show Comments

Extras

Top Quizzes Today


Score Distribution

Your Account Isn't Verified!

In order to create a playlist on Sporcle, you need to verify the email address you used during registration. Go to your Sporcle Settings to finish the process.

Report this User

Report this user for behavior that violates our Community Guidelines.

Details: